Oldenburger Ortsteile - Statistiken

Allgemein
  • Dieses Quiz wurde 101 mal gespielt
  • Das Durchschnittsergebnis liegt bei 13 aus 33
Antwortstatistiken
Bezirk Ortsteil % Korrekt
Bezirk 5 Eversten
82%
Bezirk 9 Kreyenbrück
73%
Bezirk 1 Zentrum
67%
Bezirk 5 Bloherfelde
62%
Bezirk 3 Donnerschwee
62%
Bezirk 6 Nadorst
62%
Bezirk 5 Wechloy
60%
Bezirk 6 Ofenerdiek
58%
Bezirk 4 Osternburg
55%
Bezirk 6 Bürgerfelde
53%
Bezirk 7 Etzhorn
52%
Bezirk 9 Bümmerstede
50%
Bezirk 5 Haarentor
50%
Bezirk 7 Ohmstede
50%
Bezirk 9 Krusenbusch
48%
Bezirk 9 Tweelbäke West
45%
Bezirk 1 Dobben
40%
Bezirk 1 Gerichtsviertel
40%
Bezirk 1 Bahnhofsviertel
32%
Bezirk 6 Dietrichsfeld
28%
Bezirk 4 Drielake
28%
Bezirk 6 Fliegerhorst
28%
Bezirk 8 Neuenwege
28%
Bezirk 7 Bornhorst
27%
Bezirk 1 Haarenesch
25%
Bezirk 8 Kloster Blankenburg
25%
Bezirk 2 Ziegelhof
23%
Bezirk 2 Ehnern
17%
Bezirk 5 Hundsmühler Höhe
17%
Bezirk 3 Bürgeresch
13%
Bezirk 9 Drielakermoor
12%
Bezirk 6 Rauhehorst
12%
Bezirk 5 Thomasburg
10%
Keine übereinstimmenden Quizze gefunden
Verteilung der Resultate
Anzahl Personen mit jedem Resultat
Perzentil nach korrekt beantworteten Fragen
Ihre Resultats-Entwicklung
Sie haben dieses Quiz noch nicht gespielt